MDQL
is popping MORE tags! Check the
thread
!
Quizzes
Events
Quiz Creation
Community
Videos
Private Events
Remove Ads
Sign In
Join for FREE
Feedback
Dark Mode
Quiz Categories
Sports
Geography
Music
Movies
Television
Just For Fun
Miscellaneous
History
Literature
Language
Science
Gaming
Entertainment
Religion
Holiday
For Kids
Quiz Lab
Recent
Popular Today
Quiz Kudos Today
Editor Picks
Curator Picks
Quizzes by...
Day
Popularity
Type
Ratings
Length
Year
Community
Subscriptions
Recent Discussions
Orange Saloon
Badges
Playlists
Quests
Create
Leaderboards
Showdown
Live 5
Trivia Bingo
Activity
Puzzle Library
Sporcle Events
Private Events
Virtual Trivia
Globe League
Become a Host
Pub Owners
SporcleCon
Opinionation
Our Games
Videos
Blog
Mobile Apps
Partnerships
Remove Ads and Go Orange
Feedback
Movies
Disney
Marvel Cinematic Universe
Movie Resume
Movie Titles
Oscar
Actor
Actress
Director
Pixar
Role
Movie Quotes
Movie Characters
Box Office
Nominee
Best Picture
Star Wars
James Bond
Horror Movies
Movies
Disney
Marvel Cinematic Universe
Movie Resume
Movie Titles
Oscar
Actor
Actress
Director
Pixar
Role
Movie Quotes
Movie Characters
Box Office
Nominee
Best Picture
Star Wars
James Bond
Horror Movies
Random Quiz
Search Sporcle
×
Quiz Lab
Quiz Lab
Movies
Harry Potter
Type in answers that appear in a list
Type in answers that appear in a list
Classic
Best Score? Go Orange.
Harry Potter and The Deathly Hallows Part 2 Characters? Stats
Can you name the Harry Potter and The Deathly Hallows Part 2?
By
law91
10m
69 Questions
227 Plays
227 Plays
227 Plays
Comments
Comments
Give Quiz Kudos
Give Quiz Kudos
-
- Ratings
hide this ad
Replay
Link that replays current quiz
Next Quiz
Link to next quiz in quiz playlist
You Got
0%
They Got
Avg Score
62%
Avg Friend Score
Upgrade to see
Score Distribution
Jump to the score distribution portion of the page
Score
0/69
Timer
10:00
0
Plays Today
Answer
% Correct
Harry Potter
96.9%
Ron Weasley
92.5%
Hermione Granger
87.2%
Molly Weasley
87.2%
Fred Weasley
87.2%
Arthur Weasley
86.8%
George Weasley
86.8%
Ginny Weasley
86.3%
Lily Potter
85%
James Potter
84.6%
Bill Weasley
84.1%
Lord Voldemort
82.8%
Albus Dumbledore
82.8%
Draco Malfoy
82.4%
Lucius Malfoy
81.5%
Percy Weasley
81.5%
Narcissa Malfoy
81.1%
Aberforth Dumbledore
80.2%
Ariana Dumbledore
78.9%
Severus Snape
78%
Hugo Weasley
78%
Rose Weasley
77.5%
Luna Lovegood
76.7%
Neville Longbottom
76.2%
Remus Lupin
74.9%
Albus Servus Potter
74.9%
Astoria Malfoy
74%
Scorpius Malfoy
74%
Bellatrix Lestrange
72.7%
Minerva McGonagall
72.7%
Nymphadora Tonks
71.8%
Sirius Black
67.4%
Teddy Lupin
67.4%
Rubeus Hagrid
66.5%
Filius Flitwick
64.8%
Answer
% Correct
Dean Thomas
64.3%
Seamus Finnigan
63%
Augusta Longbottom
61.7%
Fleur Delacour
60.8%
Griphook
60.8%
Lavender Brown
60.4%
Gregory Goyle
60.4%
Cho Chang
57.3%
Pomona Sprout
55.9%
Katie Bell
55.1%
Horace Slughorn
54.6%
Padma Patil
52.4%
Ollivander
50.2%
Pansy Parkinson
49.8%
Kingsley Shacklebolt
49.8%
Amycus Carrow
47.1%
Alecto Carrow
47.1%
Argus Filch
44.9%
Helena Ravenclaw
44.5%
Greyback
44.5%
Sybil Trelawney
44.1%
Blaise Zabini
43.6%
Scabior
41.9%
Madam Pomfrey
41.4%
Bogrod
39.2%
Pius Thicknesse
37%
Petunia Dursley
35.7%
Gellert Grindelwald
29.1%
Nigel
26.4%
Leanne
25.6%
Cormac McLaggen
23.8%
Wormtail
23.3%
Romilda Vane
22%
Sorting Hat
16.3%
Quiz Playlist
Details
Report
Send in Message
Add To Playlist
Classic:
Type in answers that appear in a list
Last Updated: Feb 16, 2017
Quiz Scoreboard
CHALLENGE
Sign Up to Join the Scoreboard
Show All
Scores
Hide
Comments
May contain spoilers
Recently Published
Two Season TV Shows II
by 123Four
Television
10m
Image Sorting: Flags VI
by Barbecue
Geography
2m
Find the 'City' Movie
by crazypaving
Movies
60s
More to Explore
Quiz From the Vault
Featured Blog Post
14 Easter Pick-up Lines to Find Eggs With
hide this ad
You Might Also Like...
Tags
Harry Potter Quiz
Deathly
Hallow
Today's Top Quizzes in Movies
Browse Movies
hide this ad
Today's Top Quizzes in Harry Potter
Browse Harry Potter
Top Contributed Quizzes in Movies
1
The ultimate James Bond movie quiz
2
Find The 'Big' Movie
3
Find The 'Wild' Movie
4
Find The 'Blue' Movie
5
Movies By Plot
6
Hidden Star Wars Character II
7
Hidden Star Wars Character III
8
25 Best Actor Nominees (1990s)
9
Hidden Star Wars Character IV
10
Pick 5 Posters: Directed by Spielberg
Explore More
Trending Topics
Marvel
NBA
Crossword
Anime
Disney
Kpop
Harry Potter
WWE
Country
Song
Soccer
NFL
Pokémon
The Office
Puzzle
hide this ad
More By:
law91
Quiz
Plays
Rating
Category
Featured
Created
Harry Potter and the Deathly Hallows Part 1 Characters?
228
4.00
Movies
Mar 24, 2015
Harry Potter and The Deathly Hallows Part 2 Characters?
227
1.00
Movies
Mar 25, 2015
Go to Creator's Profile
Score Distribution
Quiz Creator Spotlight
law91
Follow
Send a Message
Quizzes Created
-
Created Quiz Play Count
-
More By This Creator
Popular Quizzes Today
1
Find the US States - No Outlines Minefield
2
Colored Red Africa Blitz
3
Find the 'City' Movie
4
5x2 Blitz: Bands
5
The Countries of the World
6
Find the Countries of Europe - No Outlines Minefield
7
Find the US States
8
US States
More Movies Quizzes
Quick Flick Pick: '90s Teen Movies
Curator's Pick
Trending Quizzes
Colored Red Europe Blitz I
Colored Red Africa Blitz II
Colored Red Europe Blitz II
Colored Red Africa Blitz III
Even More Two Season TV Shows
Recently Updated
March Madness Men's Triple Doubles
pecheneg
How Do You Spell That?
pecheneg
Godzilla Movies
pecheneg
Grab Bag: 4-10 Letters
pecheneg
2024 March Madness Bracket
pecheneg
Famous TV Couples
Peacemaker
Champions League XIs: Real Madrid
pecheneg
Largest US Cities 1790-2010
pecheneg
Rides in Walt Disney World
pecheneg
Most Oscar Losses (Acting)
pecheneg
Trending Topics
Disney
Harry Potter
Anime
NBA
Marvel
Crossword
Kpop
Pokémon
Country
Soccer
Puzzle
Song
The Office
WWE
NFL
Your Account Isn't Verified!
In order to create a playlist on Sporcle, you need to verify the email address you used during registration. Go to your
Sporcle Settings
to finish the process.
Report this User
Report this user for behavior that violates our
Community Guidelines
.
Details:
Send Report
Go to the Sporcle.com Mobile Site →
Comments